| 000 | 00875nam a22002177a 4500 | ||
|---|---|---|---|
| 999 |
_c11184 _d11184 |
||
| 003 | AR-CdUCM | ||
| 008 | 190403b ||||| |||| 00| 0 spa d | ||
| 040 |
_aMUNICIPALIDAD PROVINCIAL DEL CUSCO _cBIBLIOTECA MUNICIPAL DEL CUSCO |
||
| 082 |
_a373.1 / _bS16 /1951 |
||
| 100 |
_aRodriguez Salas, Wilbert _95197 |
||
| 245 | _aPrincipios fundamentales de la metodología pedagógica / | ||
| 260 |
_aCusco : _bH.G. Rozas Sucesores, _c1951. |
||
| 300 |
_a190 paginas ; _c18 cm. |
||
| 500 | _aDonación de la familia Nieto. Dedicatoria a Luis Nieto. | ||
| 505 | _aContenido: Principios fundamentales de la metodología pedagogica -- Principios biológicos --Principios psicológicos --Principios sociológicos --Principios filosóficos ... | ||
| 650 |
_aEducacion _9460 |
||
| 650 |
_aPrincipios _95198 |
||
| 650 |
_aMetodología _92264 |
||
| 942 |
_2ddc _cLIBROS |
||
| 945 | _acmm | ||